| 000 | 00333nam a22000737a 4500 | ||
|---|---|---|---|
| 999 |
_c23439 _d23439 |
||
| 003 | NUST | ||
| 005 | 20170612120334.0 | ||
| 008 | 131003b xxu||||| |||| 00| 0 eng d | ||
| 040 |
_aDLC _bDLC _cRCMS |
||
| 082 | _a658 WIE | ||
| 100 |
_aFlo Conway & Jim Siegelman _92450 |
||
| 245 |
_aDark Hero of The Information Age : _cSieglman Jim _bIn Search of Norbert Wiener The Father of Cybernetics |
||
| 260 |
_aHaricot Inc _bflo Conway and Jim Siegelman _cc.2005 |
||
| 300 |
_ax,150,p: _bill: _c25,cm. |
||
| 504 | _aIncludes bibliographic references and index. | ||
| 538 | _iShelf No 1 Row No 4 | ||
| 650 |
_a1.Mathematicians ----- United States ------- Biography 2. Cybernetics _92451 |
||
| 856 | _3Table of Content Only | ||
| 942 |
_2ddc _cBK |
||